[Event "Subang Jaya op 12th"]
[Site "Subang Jaya"]
[Date "2024.01.28"]
[Round "7"]
[White "Mok, Jr Ji"]
[Black "Rajendran, Kartikeyan"]
[Result "0-1"]
[WhiteElo "1307"]
[BlackElo "1436"]
[PlyCount "108"]
[EventDate "2024.01.27"]
[EventType "swiss"]
[EventRounds "8"]
[EventCountry "MAS"]
[SourceTitle "CB06_2024"]
[SourceDate "2024.02.07"]
[SourceVersion "1"]
[SourceVersionDate "2024.02.07"]
[SourceQuality "1"]

1. e4 e5 2. Nf3 Nc6 3. Bc4 Bc5 4. d3 d6 5. c3 Nf6 6. 0-0 0-0 7. Nbd2 a6 8. Bb3 h6 9. h3 Be6 10. Bc2 Bb6 11. Re1 Re8 12. Nf1 d5 13. Qe2 Qd6 14. Ng3 Rad8 15. Nh4 Ne7 16. Qf3 dxe4 17. dxe4 Bc8 18. a4 g5 19. Nhf5 Nxf5 20. exf5 Bd7 21. Ne4 Nxe4 22. Bxe4 Bc6 23. Bxc6 Qxc6 24. Qh5 Qf6 25. g4 Kg7 26. Kf1 Qc6 27. Kg1 Rd3 28. Bxg5 Rg3+ 29. Kf1 Qg2+ 30. Ke2 Qxf2+ 31. Kd1 Rd3+ 32. Kc1 Qxe1+ 33. Kc2 Qe2+ 34. Kb3 Rh8 35. f6+ Kg8 36. Bxh6 Be3 37. Qf5 Bxh6 38. Qc8+ Bf8 39. Qf5 Rh6 40. h4 Rd2 41. Rb1 Rd6 42. g5 Rb6+ 43. Ka2 Qc4+ 44. b3 Qc5 45. b4 Qc4+ 46. Rb3 Rh5 47. Qxe5 a5 48. Qxa5 Ra6 49. Qe5 Rxa4+ 50. Kb2 Qxh4 51. Ra3 Qh2+ 52. Qxh2 Rxh2+ 53. Kb3 Rxa3+ 54. Kxa3 Rg2 0-1